Frankston Line (Melbourne Train Network) - Statistics

General Stats
  • This quiz has been taken 228 times
    227 since last reset
  • The average score is 22 of 27
Answer Stats
# Answer % Correct
1 Frankston
99%
27 Richmond
95%
26 South Yarra
94%
24 Toorak
93%
3 Seaford
89%
23 Armadale
87%
22 Malvern
87%
21 Caulfield
86%
6 Chelsea
85%
25 Hawksburn
85%
9 Mordialloc
84%
19 Ormond
83%
13 Southland
83%
11 Mentone
81%
17 Bentleigh
79%
5 Bonbeach
79%
4 Carrum
79%
12 Cheltenham
79%
7 Edithvale
79%
2 Kananook
79%
15 Moorabbin
79%
8 Aspendale
78%
10 Parkdale
75%
20 Glenhuntly
74%
18 McKinnon
74%
14 Highett
68%
16 Patterson
68%
No matching quizzes found
Score Distribution
Percent of People with Each Score
Percentile by Number Answered
Your Score History
You have not taken this quiz since the last reset